<?xml version="1.0" encoding="UTF-8"?>
<collection xmlns="http://www.loc.gov/MARC21/slim">
 <record>
  <leader>01986nam a22002537a 4500</leader>
  <controlfield tag="001">NCT_4_020298</controlfield>
  <controlfield tag="008">250519b        xxu||||| |||| 00| 0 vie d</controlfield>
  <datafield tag="999" ind1=" " ind2=" ">
   <subfield code="c">8993</subfield>
   <subfield code="d">8993</subfield>
  </datafield>
  <datafield tag="020" ind1=" " ind2=" ">
   <subfield code="a">9786043649048</subfield>
   <subfield code="c">175000</subfield>
  </datafield>
  <datafield tag="082" ind1="0" ind2="4">
   <subfield code="2">23rd ed.</subfield>
   <subfield code="a">302.23</subfield>
   <subfield code="b">M435</subfield>
  </datafield>
  <datafield tag="100" ind1="1" ind2=" ">
   <subfield code="a">Mattelart, Armand</subfield>
  </datafield>
  <datafield tag="245" ind1="1" ind2="0">
   <subfield code="a">Lịch sử các lý thuyết truyền thông =</subfield>
   <subfield code="b">Histoire des théories de la communication</subfield>
   <subfield code="c">Armand Mattelart, Michèle Mattelart ; Hồ Thị Hòa (Dịch) ; Trần Hữu Quang (Hiệu đính)</subfield>
  </datafield>
  <datafield tag="260" ind1=" " ind2=" ">
   <subfield code="a">H.</subfield>
   <subfield code="b">Khoa học xã hội</subfield>
   <subfield code="c">2024</subfield>
  </datafield>
  <datafield tag="300" ind1=" " ind2=" ">
   <subfield code="a">268 tr.</subfield>
   <subfield code="c">20 cm</subfield>
  </datafield>
  <datafield tag="520" ind1="3" ind2=" ">
   <subfield code="a">Cuốn sách nghiên cứu về lịch sử lý thuyết truyền thông. Phân tích và giải thích sự đa diện và sự bùng nổ của phạm vi nghiên cứu về truyền thông; lịch sử các lý thuyết về truyền thông chính là lịch sử của những sự giằng co và của những nỗ lực khác nhau nhằm liên kết hoặc không liên kết những cái vế vốn thường xuất hiện dưới dạng lưỡng phân, và đối lập nhị phân hơn là dưới các cấp độ phân tích...</subfield>
  </datafield>
  <datafield tag="653" ind1=" " ind2=" ">
   <subfield code="a">Truyền thông đa phương tiện</subfield>
  </datafield>
  <datafield tag="700" ind1="1" ind2=" ">
   <subfield code="a">Mattelart, Michèle</subfield>
  </datafield>
  <datafield tag="700" ind1="1" ind2=" ">
   <subfield code="a">Hồ Thị Hòa</subfield>
   <subfield code="e">Dịch</subfield>
  </datafield>
  <datafield tag="700" ind1="1" ind2=" ">
   <subfield code="a">Trần Hữu Quang </subfield>
   <subfield code="e">Hiệu đính</subfield>
  </datafield>
  <datafield tag="942" ind1=" " ind2=" ">
   <subfield code="2">ddc</subfield>
   <subfield code="c">BK</subfield>
  </datafield>
  <datafield tag="952" ind1=" " ind2=" ">
   <subfield code="0">0</subfield>
   <subfield code="1">0</subfield>
   <subfield code="2">ddc</subfield>
   <subfield code="4">0</subfield>
   <subfield code="6">302_230000000000000_M435</subfield>
   <subfield code="7">0</subfield>
   <subfield code="9">30777</subfield>
   <subfield code="a">000001</subfield>
   <subfield code="b">000001</subfield>
   <subfield code="d">2025-05-19</subfield>
   <subfield code="o">302.23 M435</subfield>
   <subfield code="p">MD.23921</subfield>
   <subfield code="r">2025-05-19</subfield>
   <subfield code="v">175000.00</subfield>
   <subfield code="w">2025-05-19</subfield>
   <subfield code="y">BK</subfield>
  </datafield>
  <datafield tag="952" ind1=" " ind2=" ">
   <subfield code="0">0</subfield>
   <subfield code="1">0</subfield>
   <subfield code="2">ddc</subfield>
   <subfield code="4">0</subfield>
   <subfield code="6">302_230000000000000_M435</subfield>
   <subfield code="7">0</subfield>
   <subfield code="9">30778</subfield>
   <subfield code="a">000001</subfield>
   <subfield code="b">000001</subfield>
   <subfield code="d">2025-05-19</subfield>
   <subfield code="o">302.23 M435</subfield>
   <subfield code="p">MD.23922</subfield>
   <subfield code="r">2025-05-19</subfield>
   <subfield code="v">175000.00</subfield>
   <subfield code="w">2025-05-19</subfield>
   <subfield code="y">BK</subfield>
  </datafield>
  <datafield tag="952" ind1=" " ind2=" ">
   <subfield code="0">0</subfield>
   <subfield code="1">0</subfield>
   <subfield code="2">ddc</subfield>
   <subfield code="4">0</subfield>
   <subfield code="6">302_230000000000000_M435</subfield>
   <subfield code="7">0</subfield>
   <subfield code="9">30779</subfield>
   <subfield code="a">000001</subfield>
   <subfield code="b">000001</subfield>
   <subfield code="d">2025-05-19</subfield>
   <subfield code="o">302.23 M435</subfield>
   <subfield code="p">MD.23923</subfield>
   <subfield code="r">2025-05-19</subfield>
   <subfield code="v">175000.00</subfield>
   <subfield code="w">2025-05-19</subfield>
   <subfield code="y">BK</subfield>
  </datafield>
  <datafield tag="980" ind1=" " ind2=" ">
   <subfield code="a">Thư viện Trường Đại học Nam Cần Thơ</subfield>
  </datafield>
 </record>
</collection>
